Statistics for Cities With One Million People by Letter - A

Click here to take the quiz!

General Stats

  • This quiz has been taken 1,064 times
  • The average score is 21 of 36

Answers on the Map

Answers color-coded by a green-red scale on the quiz's map according to % correct below.
Loading ...
 

Answer Stats

City % Correct
Amsterdam
97%
Atlanta
95%
Ankara
93%
Athens
93%
Algiers
91%
Austin
89%
Auckland
89%
Addis Ababa
88%
Alexandria
88%
Accra
87%
Adelaide
86%
Abu Dhabi
86%
Antananarivo
83%
Abuja
81%
Amman
81%
Antwerp
80%
Asunción
80%
Ahmedabad
69%
Abidjan
69%
Aleppo
64%
Ashgabat
63%
Almaty
63%
Agra
62%
Antalya
53%
Adana
25%
Anshan
23%
Amritsar
22%
Agadir
22%
Angeles
18%
Allahabad
15%
Aba
15%
Aguascalientes
12%
Aurangabad
11%
Ahvaz
9%
Āsansol
8%
Alīgarh
7%

Score Distribution

Percentile by Number Answered

Percent of People with Each Score

Your Score History

You have not taken this quiz